Central Library OPAC University of Rajshahi

Claudius the god and his wife Messalina : (Record no. 33804)

MARC details
000 -LEADER
fixed length control field 01090nam a2200265 a 4500
001 - CONTROL NUMBER
control field 33804
003 - CONTROL NUMBER IDENTIFIER
rucl marc code BD-RjUL
005 - DATE AND TIME OF LATEST TRANSACTION
control field 20211209052048.0
008 - FIXED-LENGTH DATA ELEMENTS--GENERAL INFORMATION
fixed length control field 140511r19641954enkabj 000 1 eng d
035 ## - SYSTEM CONTROL NUMBER
System control number 34-38906
System control number (BD-RjUL)33895
-- (OCoLC)307244
040 ## - CATALOGING SOURCE
Original cataloging agency DLC
Transcribing agency OSU
Modifying agency m.c
-- OCL
-- BD-RjUL
Language of cataloging eng
041 ## - LANGUAGE CODE
Language code of text/sound track or separate title eng
082 04 - DEWEY DECIMAL CLASSIFICATION NUMBER
Classification number 823.91
Author mark and year GRC 1964
100 1# - MAIN ENTRY--PERSONAL NAME
Personal name Graves, Robert,
Dates associated with a name 1895-1985.
9 (RLIN) 55177
245 10 - TITLE STATEMENT
Title Claudius the god and his wife Messalina :
Remainder of title the troublesome reign of Tiberius Claudius Caesar, emperor of the Romans (born B.C. 10, died A.D. 54) /
Statement of responsibility, etc. as described by himself; also his murder at the hands of the notorious Agrippina (mother of the Emperor Nero) and his subsequent deification, as described by others.
250 ## - EDITION STATEMENT
Edition statement New ed.
260 ## - PUBLICATION, DISTRIBUTION, ETC. (IMPRINT)
Place of publication, distribution, etc. London :
Name of publisher, distributor, etc. A. Barker,
Date of publication, distribution, etc. 1954 [reprinted 1964].
300 ## - PHYSICAL DESCRIPTION
Pagination 443 p. :
Illustrations illus. (map) fold. geneal. tables ;
Size 19 cm.
600 00 - SUBJECT ADDED ENTRY--PERSONAL NAME
Personal name Claudius,
Titles and other words associated with a name Emperor of Rome,
Dates associated with a name 10 B.C.-54 A.D.
Personal name Messallina, Valeria,
Dates associated with a name d. 48
942 ## - ADDED ENTRY ELEMENTS (KOHA)
Source of classification or shelving scheme Dewey Decimal Classification
Koha item type Books
Holdings
Lost status Source of classification or shelving scheme Damaged status Not for loan Collection code Permanent Location Current Location Shelving location Date acquired Source of acquisition Cost, normal purchase price Total Checkouts Full call number Date last seen Copy number Koha item type
  Dewey Decimal Classification   Not For Loan Non-fiction Central Library, University of Rajshahi Central Library, University of Rajshahi Reading Room 29/07/1964 Zeitlinger 51.00   823.91 GRC 1964 11/05/2014 C-1 Books